It looks like you're offline.
Open Library logo
additional options menu

MARC record from Internet Archive

LEADER: 01083cam a2200313 a 4500
001 2010027756
003 DLC
005 20110628120105.0
008 100721s2011 nyu c 000 1 eng
010 $a 2010027756
020 $a9780061229657 (trade bdg.)
020 $a9780061229664 (lib. bdg.)
040 $aDLC$cDLC$dDLC
042 $alcac$apcc
050 00 $aPZ7.L578345$bTal 2011
082 00 $a[Fic]$222
100 1 $aLevine, Gail Carson.
245 12 $aA tale of Two Castles /$cGail Carson Levine.
250 $a1st ed.
260 $aNew York :$bHarper,$c2011.
300 $a328 p. ;$c22 cm.
521 1 $aAges 8-12.
520 $aTwelve-year-old Elodie journeys to Two Castles in hopes of studying acting but instead becomes apprentice to a dragon, who teaches her to be observant and use reasoning, thus helping her to uncover who is poisoning the king.
650 1 $aApprentices$vFiction.
650 1 $aDragons$vFiction.
650 1 $aReasoning$vFiction.
650 1 $aKings, queens, rulers, etc.$vFiction.
650 1 $aMystery and detective stories.
650 1 $aFantasy.